书目信息 |
| 题名: |
丰田模式
|
|
| 作者: | ;湘财领导力发展学院 主编 | |
| 分册: | ||
| 出版信息: | 北京 中国建材工业出版社 2005 |
|
| 页数: | 236页 | |
| 开本: | 21cm | |
| 丛书名: | 世界顶尖企业特色管理模式 | |
| 单 册: | ||
| 中图分类: | F431.364 | |
| 科图分类: | ||
| 主题词: | 工业企业管理 | |
| 电子资源: | ||
| ISBN: | 7-80159-826-1 | |
| 000 | 01017oam2 2200277 450 | |
| 001 | 002863467 | |
| 005 | 20061105084648.23 | |
| 010 | @a7-80159-826-1@dCNY22.00 | |
| 100 | @a20050331d2005 em y0chiy0110 ea | |
| 101 | 0 | @achi |
| 102 | @aCN@b110000 | |
| 105 | @aa z 000yd | |
| 200 | 1 | @a丰田模式@9feng tian mo shi@e精益生产的18个黄金法则@f湘财领导力发展学院主编 |
| 210 | @a北京@c中国建材工业出版社@d2005 | |
| 215 | @a236页@c照片,图@d21cm | |
| 225 | 2 | @a世界顶尖企业特色管理模式@v3 |
| 330 | @a本书介绍了丰田之所以能够成功,关键在于公司以了解与激励员工为基础的企业经营理念,并归纳出了丰田精益生产的18项法则。 | |
| 461 | 0 | @12001 @a世界顶尖企业特色管理模式 |
| 517 | 1 | @a精益生产的18个黄金法则@9jing yi sheng chan de 18 ge huang jin fa ze |
| 601 | 02 | @a丰田汽车公司 |
| 601 | 02 | @a丰田汽车公司@x工业企业管理@x经验 |
| 606 | 0 | @a工业企业管理 |
| 690 | @aF431.364@v4 | |
| 711 | 02 | @a湘财领导力发展学院@9xiang cai ling dao li fa zhan xue yuan@4主编 |
| 801 | 0 | @aCN@bNLC@c20061105 |
| 905 | @a10447@dF431.364@e35 | |
| 丰田模式:精益生产的18个黄金法则/湘财领导力发展学院主编.-北京:中国建材工业出版社,2005 |
| 236页:照片,图;21cm.-(世界顶尖企业特色管理模式;3) |
| ISBN 7-80159-826-1:CNY22.00 |
| 本书介绍了丰田之所以能够成功,关键在于公司以了解与激励员工为基础的企业经营理念,并归纳出了丰田精益生产的18项法则。 |
| ● |
| 相关链接 |
|
|
|
|
正题名:丰田模式
索取号:F431.364/35
 
预约/预借
| 序号 | 登录号 | 条形码 | 馆藏地/架位号 | 状态 | 备注 |
| 1 | 0380114 | 203801145 | 第一样本阅览室/ [索取号:F431.364/35] | 在馆 | |
| 2 | 0380115 | 203801154 | 第一借阅区/ [索取号:F431.364/35] | 在馆 | |
| 3 | 0380116 | 203801163 | 第一借阅区/ [索取号:F431.364/35] | 在馆 | |
| 4 | 0380117 | 203801172 | 第一借阅区/ [索取号:F431.364/35] | 在馆 | |
| 5 | 0380118 | 203801181 | 第一借阅区/ [索取号:F431.364/35] | 在馆 |